000 00851nam0a22002291i 4500
001 rc\4296727
005 20240724142611.0
021 _aRU
_b[65-94081]
035 _a(NLR Aleph) 008255259
090 _a8361756
_c8361756
100 _a20130416d1965 |||y0rusy50 ca
101 0 _arus
102 _aRU
105 _ay d |||||
200 1 _aИз истории турецкого реализма
_eКритич. реализм 30-х годов XX в.
_eАвтореферат дис. на соискание учен. степени кандидата филол. наук
_fАН СССР. Ин-т народов Азии
210 _aМосква
_d1965
215 _a24 с.
700 1 _aАйзенштейн
_bН.А.
_gНатта Аврумовна
801 0 _aRU
_bNLR
_gpsbo
801 1 _aRU
_bELAR
_2rusmarc
852 _aNLR
_j65-4/19833
942 _cBOOK